Indagación interdisciplinaria en la enseñanza y el aprendizaje

Enregistré dans:
Détails bibliographiques
Auteurs principaux: Martinello, Marian L. (autora), Cook, Gillian E (Auteur)
Format: Livre
Langue:espagnol
Publié: Barcelona Gedisa 2000
Édition:1a. ed
Collection:Biblioteca de Educación. Didáctica General, 9
Sujets:
Tags: Ajouter un tag
Pas de tags, Soyez le premier à ajouter un tag!

MARC

LEADER 00000nam a2200000 a 4500
001 UCK1782
003 CL-VaPUC
008 041126e20000000SP |||||||||||||||||spa|d
020 |a 8474327253 
082 0 4 |a 370.7  |b MAR  |2 21 
100 |a Martinello, Marian L.  |e autora  |9 489658 
700 0 |a Cook, Gillian E  |e author  |9 489659 
245 1 0 |a Indagación interdisciplinaria en la enseñanza y el aprendizaje 
250 |a 1a. ed 
300 |a 316 p 
942 |c BK 
945 |d 20041126 00:00:00  |a cmena 
260 |a Barcelona  |b Gedisa  |c 2000 
650 0 |a Investigación educacional   |9 261192 
650 0 |a Rol del docente  |9 329733 
650 0 |a Métodos de investigación   |9 262618 
650 0 |a Métodos de enseñanza  |9 270413 
583 |a last modification  |c 20041126 00:00:00  |k Rodrigo Vera 
490 0 |a Biblioteca de Educación. Didáctica General, 9 
999 |c 311595  |d 311593 
952 |0 0  |1 0  |4 0  |6 370_700000000000000_MAR_2000  |7 0  |8 A  |9 381071  |a BIBTEO  |b BIBTEO  |d 2019-11-21  |i 4082680  |o 370.7 MAR 2000  |p 4082680  |r 2025-01-17  |w 2019-11-21  |y BK  |k ICR